000 00721nam a22002772a 4500
999 _c4683
_d4683
001 4683
003 BD-JhCC
005 20180402085736.0
008 860101s1971 enka b 001 0 eng d
020 _a0297004557
035 _a(BD-JhCC)4683
040 _aDLC
_cDLC
_dEQO
_dBD-JhCC
041 _aeng
050 0 _aDS486.C2
_bM63
082 _a915.414
_bMOO 1971
100 1 _aMoorhouse, Geoffrey,
_d1931-2009.
245 1 0 _aCalcutta /
_cGeoffrey Moorhouse
260 _aLondon :
_bWeidenfeld,
_c[1971].
300 _axvi, 376 p. :
_bill. :
_c23 cm.
504 _aBibliography: p. 348-350
650 _aKolkata
_zIndia
650 _aCivilization
651 0 _aKolkata (India)
942 _2ddc
_cBK